| 000 | 00773nam a2200277Ia 4500 | ||
|---|---|---|---|
| 001 | Z_559 | ||
| 003 | CHAP | ||
| 008 | 220113s19XX xx 000 0 und d | ||
| 010 | _a163669 | ||
| 040 | _cCHAP | ||
| 090 | _aTesis M 577 | ||
| 100 |
_aMuñoz Rosado, Antonio _979674 |
||
| 245 |
_aProblema agropecuario en el Estado de Campeche / _cAntonio Muñoz Rosado |
||
| 260 |
_aChapingo, Méx. : _bEl autor, _c19XX |
||
| 300 | _a45 p | ||
| 502 | _aTesis (Ing. Agrónomo Esp. en Ganadería) -- ENA. Departamento de Zootecnia | ||
| 650 |
_aAgricultura _xCampeche _91350 |
||
| 650 |
_aCampeche _xAgricultura _9137814 |
||
| 650 |
_aGanadería _xCampeche _944664 |
||
| 901 | _aTESIS M 577 | ||
| 902 | _aM | ||
| 910 | _a19XX | ||
| 942 | _c2 | ||
| 942 | _c2 | ||
| 999 |
_c163669 _d163669 |
||